[Event "Championnat de France des Jeunes - Pupil"]
[Site "Aix-les-Bains"]
[Date "2009.04.22"]
[Round "5.6"]
[White "Eid, Amine"]
[Black "Bole, Oscar"]
[Result "0-1"]
[WhiteElo "1845"]
[BlackElo "1640"]
[PlyCount "106"]

1. e4 c5 2. Nf3 a6 3. c3 e6 4. d4 cxd4 5. cxd4 Nf6 6. Bd3 Bb4+ 7. Bd2 Bxd2+ 8.
Qxd2 Nc6 9. O-O O-O 10. a3 b5 11. Nc3 d5 12. e5 Nd7 13. Qc2 h6 14. Nxb5 Qb6 15.
Rac1 Bb7 16. Nd6 Rab8 17. Nxb7 Nxd4 18. Nxd4 Qxd4 19. Na5 Nxe5 20. Rfd1 Nxd3
21. Rxd3 Qxb2 22. Qxb2 Rxb2 23. g3 Rfb8 24. Rc6 Ra8 25. Nb3 Rb8 26. Nc5 Rc2 27.
Rc7 Rb1+ 28. Kg2 Rbc1 29. Nxa6 Rxc7 30. Nxc7 Rxc7 31. Kf3 Ra7 32. Ke3 Ra4 33.
Kd2 Kf8 34. Kc2 Ke7 35. Kb3 Rc4 36. a4 Kd8 37. a5 Kc8 38. Rf3 Rc7 39. Ka4 Kb7
40. Kb5 Ka7 41. a6 d4 42. Rd3 e5 43. g4 Rc3 44. Rd2 g6 45. Re2 f6 46. f4 d3 47.
Re3 Rb3+ 48. Ka5 Ra3+ 49. Kb5 d2 50. Rxa3 d1=Q 51. Rc3 Qd5+ 52. Rc5 Qd7+ 53.
Ka5 exf4 0-1

[Event "Championnat de France des Jeunes - Pupil"]
[Site "Aix-les-Bains"]
[Date "2009.04.22"]
[Round "5.7"]
[White "Stark, Gabriel"]
[Black "Dubois, Adrien"]
[Result "0-1"]
[WhiteElo "1780"]
[BlackElo "1540"]
[Annotator "Rivier,Sylvain"]
[PlyCount "59"]

1. d4 d5 2. c4 dxc4 3. e4 Nf6 4. e5 Nd5 5. Bxc4 Nb6 6. Bb3 Nc6 7. Be3 Bf5 8. a3
e6 9. Nf3 Qd7 10. Nc3 O-O-O 11. Rc1 Bg4 12. O-O Be7 13. h3 Bh5 14. Ba2 Kb8 15.
Rc2 g5 16. Rd2 Nd5 17. Ne4 g4 18. Nh2 Bg6 19. Qxg4 Rhg8 20. Qf3 Bf5 21. Nc3
Nxc3 22. bxc3 Bxa3 23. d5 Nxe5 24. Qe2 Bd6 25. Rb2 h6 26. Ra1 Qc8 27. Qd1 Bxh3
28. g3 Ng4 29. dxe6 Qxe6 30. Qa4 {suite illisible} 0-1

[Event "Championnat de France des Jeunes - Pupil"]
[Site "Aix-les-Bains"]
[Date "2009.04.22"]
[Round "5.8"]
[White "Madeline, Nicolas"]
[Black "Hyjazi, Theo"]
[Result "1/2-1/2"]
[WhiteElo "1645"]
[BlackElo "1770"]
[PlyCount "99"]

1. e4 d6 2. d4 Nf6 3. Nc3 c6 4. f4 Qa5 5. Bd3 e5 6. Nf3 Nbd7 7. O-O Be7 8. Kh1
O-O 9. f5 exd4 10. Nxd4 Nc5 11. Nb3 Nxb3 12. cxb3 Nd7 13. Rf3 Re8 14. Rg3 Qe5
15. Qf3 Qd4 16. Qe3 Qxe3 17. Bxe3 Ne5 18. Rd1 Nxd3 19. Rxd3 Bf8 20. Bd4 Kh8 21.
Rdf3 d5 22. e5 c5 23. Bg1 d4 24. Nb5 Rxe5 25. f6 gxf6 26. Rxf6 Rf5 27. Rxf5
Bxf5 28. Nxd4 Bb1 29. Ne2 Bxa2 30. Nf4 Bd6 31. Rf3 b6 32. Nh5 Kg8 33. Be3 Bb1
34. Bh6 Bf8 35. Rg3+ Bg6 36. Nf6+ Kh8 37. Bxf8 Rxf8 38. h3 Kg7 39. Nh5+ Kh6 40.
Nf4 Rd8 41. Nxg6 fxg6 42. Rf3 Rd1+ 43. Kh2 Rd2 44. b4 cxb4 45. Rf7 a5 46. Rb7
Rxb2 47. Rxb6 a4 48. Kg3 a3 49. Kh4 Rxg2 50. Rxg6+ 1/2-1/2

[Event "Championnat de France des Jeunes - Pupil"]
[Site "Aix-les-Bains"]
[Date "2009.04.22"]
[Round "5.9"]
[White "Rodriguez, Adrien"]
[Black "Bandet, Raphael"]
[Result "1-0"]
[WhiteElo "1620"]
[BlackElo "1763"]
[PlyCount "111"]

1. d4 d5 2. c4 e6 3. Nc3 Nf6 4. Bg5 Nbd7 5. e3 c6 6. Nf3 Qa5 7. cxd5 Nxd5 8.
Qb3 Bb4 9. Rc1 O-O 10. e4 Nxc3 11. bxc3 Bd6 12. Bd3 e5 13. d5 Nc5 14. Qc2 Re8
15. Bc4 b5 16. Bb3 Nxb3 17. axb3 cxd5 18. exd5 Bb7 19. Bd2 Rac8 20. Ng5 g6 21.
Ne4 Qd8 22. Bg5 Be7 23. Bxe7 Rxe7 24. c4 bxc4 25. bxc4 Kg7 26. Qd2 Rec7 27. O-O
Rxc4 28. Rxc4 Rxc4 29. Nc3 Rd4 30. Qe3 f6 31. Ra1 a6 32. h3 Qd6 33. Ra5 Qb6 34.
Ra1 Qb2 35. Rb1 Qxb1+ 36. Nxb1 Rd1+ 37. Kh2 Rxb1 38. d6 Bc6 39. Qc5 Be8 40.
Qc7+ Kh6 41. d7 Bxd7 42. Qxd7 Rb2 43. Kg3 f5 44. Qd6 f4+ 45. Kf3 e4+ 46. Kxf4
Rxf2+ 47. Kxe4 Rxg2 48. Qxa6 Rg3 49. Qf1 Kh5 50. Kf4 Kh4 51. Qe1 g5+ 52. Kf5 h6
53. Qe4+ g4 54. Qe1 gxh3 55. Kf4 h2 56. Qxg3+ 1-0

[Event "Championnat de France des Jeunes - Pupil"]
[Site "Aix-les-Bains"]
[Date "2009.04.22"]
[Round "5.10"]
[White "Vekemans, Sylvain"]
[Black "Baudry, Remi"]
[Result "0-1"]
[WhiteElo "1750"]
[BlackElo "1501"]
[PlyCount "92"]

1. c4 Nf6 2. Nc3 g6 3. g3 Bg7 4. Bg2 O-O 5. Nf3 d6 6. O-O c6 7. d3 Qa5 8. Bd2
Qh5 9. b4 Bg4 10. Rb1 Nbd7 11. b5 e5 12. a4 Bh3 13. Bxh3 Qxh3 14. Ng5 Qh5 15.
f3 d5 16. Qe1 h6 17. cxd5 cxd5 18. Nxd5 Nxd5 19. g4 Qxg5 20. Bxg5 hxg5 21. Qc1
Nf4 22. Qe3 Nb6 23. a5 Nbd5 24. Qd2 Rfd8 25. e3 Ne6 26. Kf2 Bf8 27. Rfe1 Rac8
28. Rb3 Bc5 29. Kg3 f5 30. h3 f4+ 31. exf4 gxf4+ 32. Kh2 Be3 33. Qg2 Nd4 34.
Rb2 Nb4 35. Kh1 Nxd3 36. Rbe2 Nxe1 37. Rxe1 Rc2 38. Qf1 Kh7 39. h4 Rf2 40. Qc4
Nxf3 41. Qf7+ Kh6 42. g5+ Kh5 43. Qh7+ Kg4 44. Rg1+ Kh3 45. Rg3+ fxg3 46. Qd7+
Rxd7 0-1

[Event "Championnat de France des Jeunes - Pupil"]
[Site "Aix-les-Bains"]
[Date "2009.04.22"]
[Round "5.11"]
[White "Le Bastard, Ronan"]
[Black "Beau, Pierre"]
[Result "0-1"]
[WhiteElo "1618"]
[BlackElo "1723"]
[PlyCount "76"]

1. d4 Nf6 2. c4 g6 3. Nc3 Bg7 4. Nf3 O-O 5. e4 d6 6. Be2 e5 7. d5 Nbd7 8. O-O
Nc5 9. Bg5 h6 10. Bh4 g5 11. Nxg5 hxg5 12. Bxg5 Qe8 13. Bd3 Nxd3 14. Qxd3 Nh7
15. Bh4 f5 16. f3 Qh5 17. Bf2 Rf6 18. exf5 Bxf5 19. Qe3 Bh6 20. Qe1 Bd3 21. Ne4
Rg6 22. Ng3 Qg5 23. Qc1 Qxc1 24. Rfxc1 Bxc1 25. Rxc1 Rf8 26. Rc3 Bf5 27. c5 a6
28. c6 b6 29. Nxf5 Rxf5 30. Bxb6 Nf6 31. Bxc7 Nxd5 32. Bxd6 Rxd6 33. c7 Nxc7
34. Rxc7 Rd1+ 35. Kf2 Rd2+ 36. Ke3 Rxb2 37. g4 Rf7 38. h4 Rxc7 0-1

[Event "Championnat de France des Jeunes - Pupil"]
[Site "Aix-les-Bains"]
[Date "2009.04.22"]
[Round "5.12"]
[White "Sarafian, Thomas"]
[Black "Stili, Karim"]
[Result "0-1"]
[WhiteElo "1720"]
[BlackElo "1450"]
[PlyCount "150"]

1. e4 c5 2. Nf3 a6 3. d4 cxd4 4. Nxd4 Nf6 5. Nc3 e5 6. Nf3 Nc6 7. Bd3 Bb4 8.
Bd2 h6 9. a3 Bc5 10. O-O d6 11. b4 Ba7 12. h3 Be6 13. Ne2 Qd7 14. Kh2 Bb8 15.
c4 O-O 16. Nc3 Nd4 17. Nxd4 exd4 18. Nd5 Bxd5 19. cxd5 Re8 20. Qf3 Qe7 21. Rae1
Bc7 22. g4 g5 23. Qg2 Nd7 24. f4 f6 25. h4 Rf8 26. fxg5 fxg5 27. Rf5 Ne5 28.
Bb1 Qg7 29. hxg5 Rxf5 30. gxf5 hxg5 31. Bxg5 Kf7 32. Re2 Qxg5 33. Qxg5 Nf3+ 34.
Kg3 Nxg5 35. Rh2 Rg8 36. Kf4 Rg7 37. Rh5 Nh7 38. Rh6 Nf6 39. Rh4 Bd8 40. Rh1
Rg4+ 41. Kf3 Rg8 42. Rd1 Bb6 43. Rh1 Rc8 44. Kf4 Rc3 45. a4 d3 46. Rd1 d2 47.
Ba2 Be3+ 48. Kf3 Rc1 49. Bb3 Rxd1 50. Bxd1 Bh6 51. Bc2 Nd7 52. Ke2 Kf6 53. Kd3
Ke5 54. Kc4 Nf6 55. b5 Nxe4 56. bxa6 bxa6 57. Kb4 Kxd5 58. Ka5 Nc5 59. Kb4 Kd4
60. f6 Ke3 61. Bd1 Kf2 62. Kc3 Ke1 63. Kc2 Nxa4 64. f7 Nc5 65. f8=Q Bxf8 66.
Bh5 d5 67. Bg4 d4 68. Bf3 d3+ 69. Kb2 d1=Q 70. Bxd1 Kxd1 71. Ka2 Kc2 72. Ka3
Kc3 73. Ka2 d2 74. Ka3 d1=Q 75. Ka2 Qc2+ 0-1

[Event "Championnat de France des Jeunes - Pupil"]
[Site "Aix-les-Bains"]
[Date "2009.04.22"]
[Round "5.13"]
[White "Steyer-Striby, Alexis"]
[Black "Delpierre, Elie"]
[Result "1-0"]
[WhiteElo "1590"]
[BlackElo "1660"]
[PlyCount "107"]

1. Nf3 Nf6 2. g3 g6 3. Bg2 Bg7 4. O-O d6 5. d4 O-O 6. c4 c5 7. dxc5 dxc5 8. Nc3
Nc6 9. Bg5 Be6 10. b3 h6 11. Be3 Ng4 12. Qxd8 Rfxd8 13. Rac1 Nxe3 14. fxe3 Rd7
15. Na4 Rb8 16. Nxc5 Rd6 17. Rcd1 Rbd8 18. Rxd6 exd6 19. Nxe6 fxe6 20. Nh4 g5
21. Bxc6 bxc6 22. Ng6 Rd7 23. h4 Rf7 24. Rxf7 Kxf7 25. h5 a5 26. g4 c5 27. Kf2
d5 28. Kf3 Ke8 29. cxd5 exd5 30. e4 d4 31. e5 Kf7 32. Ke4 Ke6 33. a3 Kd7 34.
Kd5 Kd8 35. Kxc5 Kd7 36. Kxd4 Kc6 37. e4 Kd7 38. Kd5 Kd8 39. Kd6 Ke8 40. e6 Bb2
41. a4 Ba3+ 42. Kc6 Bb4 43. e7 Bc3 44. Kb5 Bb4 45. Ne5 Bxe7 46. Kxa5 Bf6 47.
Nc6 Bc3+ 48. Kb5 Kd7 49. e5 Bd2 50. b4 Be3 51. a5 Bf2 52. a6 Kc8 53. a7 Kb7 54.
e6 1-0

[Event "Championnat de France des Jeunes - Pupil"]
[Site "Aix-les-Bains"]
[Date "2009.04.22"]
[Round "5.15"]
[White "Venard, Paul-Andre"]
[Black "Froment, Theophile"]
[Result "1-0"]
[WhiteElo "1631"]
[BlackElo "1795"]
[PlyCount "33"]

1. e4 c5 2. Nf3 e6 3. b4 Nf6 4. e5 Nd5 5. bxc5 Bxc5 6. d4 Be7 7. Bd3 Nc6 8. h4
Qc7 9. c3 d6 10. exd6 Bxd6 11. O-O h6 12. Re1 O-O 13. Bc2 Nf6 14. Ba3 Bxa3 15.
Nxa3 Qa5 16. Qc1 Qxc3 17. Bh7+ 1-0

[Event "Championnat de France des Jeunes - Pupillettes"]
[Site "Aix-les-Bains"]
[Date ""]
[Round "5.1"]
[White "Banat, Rizlene"]
[Black "Bellaiche, Elise"]
[Result "1/2-1/2"]
[WhiteElo "1542"]
[BlackElo "1826"]
[Annotator ""]

1. c4 c5 2. Nf3 b6 3. g3 Bb7 4. Bg2 Nf6 5. Nc3 e6 6. O-O Be7 7. e3 O-O 8. d4
cxd4 9. Nxd4 Bxg2 10. Kxg2 Nc6 11. b3 Qc8 12. Bb2 Qb7 13. Kg1 Rfd8 14. Nxc6
dxc6 15. Qe2 Rd7 16. Rfd1 Rad8 17. Rxd7 Rxd7 18. Rd1 Qc7 19. Rxd7 Qxd7 20. Kg2
Kf8 21. Qd1 Qxd1 22. Nxd1 Nd7 23. Bc3 Bf6 24. Bxf6 Nxf6 25. Nc3 Ke7 26. Kf3 Kd6
27. Ne4+ Nxe4 28. Kxe4 Kc5 29. a3 a5 30. Kd3 f6 31. e4 g6 32. f4 e5 33. Kc3 Kd6
34. Kd3 Ke6 35. Ke3 Kd6 36. Kd3 h6 37. h3 Ke6 38. Ke3 Kd6 39. Kd3 Ke6 40. Ke3
Kd6 41. Kd3 Ke6 42. Ke3 g5 43. f5+ Kd6 44. Kd3 h5 45. g4 1/2-1/2

[Event "Championnat de France des Jeunes - Pupil"]
[Site "Aix-les-Bains"]
[Date "2009.04.22"]
[Round "5.2"]
[White "Legrand, Claire"]
[Black "Dieuleveut, Floriane"]
[Result "0-1"]
[WhiteElo "1607"]
[BlackElo "1651"]
[PlyCount "76"]

1. e4 c5 2. d3 Nc6 3. Nd2 g6 4. Ngf3 Bg7 5. g3 Nf6 6. Bg2 d6 7. O-O O-O 8. Re1
Qc7 9. c3 Bd7 10. a4 a6 11. Qe2 Rfe8 12. Nb3 Na5 13. Qc2 Qb6 14. Nxa5 Qxa5 15.
Bd2 Rac8 16. h3 h6 17. e5 Nd5 18. c4 Nb4 19. Bxb4 Qxb4 20. Qc3 Qxc3 21. bxc3
Rb8 22. d4 Be6 23. Nd2 dxe5 24. dxe5 Red8 25. Nb3 b6 26. Bf1 Rdc8 27. Nd2 Rc7
28. Rab1 Rd7 29. Nf3 Bf5 30. Rb2 Bd3 31. Rd2 Rbd8 32. Red1 Bf5 33. Rxd7 Rxd7
34. Rxd7 Bxd7 35. Bd3 Bxa4 36. Kf1 Bd7 37. h4 Bg4 38. Ke2 Bxe5 0-1

[Event "Championnat de France des Jeunes - Pupil"]
[Site "Aix-les-Bains"]
[Date "2009.04.22"]
[Round "5.3"]
[White "Desarnaud, Manon"]
[Black "Nourani, Maral"]
[Result "1-0"]
[WhiteElo "1600"]
[BlackElo "1550"]
[PlyCount "67"]

1. Nf3 d5 2. d4 Nc6 3. e3 Nf6 4. c4 e6 5. Nc3 Be7 6. Bd3 O-O 7. O-O Re8 8. Re1
Bb4 9. Bd2 a6 10. a3 Bxc3 11. Bxc3 Na7 12. Qc2 h6 13. e4 dxe4 14. Bxe4 Nxe4 15.
Qxe4 Rb8 16. Rad1 b6 17. d5 Bb7 18. Qd4 f6 19. dxe6 Qxd4 20. Rxd4 Bxf3 21. gxf3
Rbd8 22. Rxd8 Rxd8 23. f4 f5 24. Be5 Rc8 25. e7 Kf7 26. Bxc7 Re8 27. Bxb6 Nc6
28. Bc5 Na5 29. Rd1 Nxc4 30. Rd8 Nxb2 31. Kf1 Na4 32. Bb4 Nb6 33. Ke2 Nd5 34.
Rxd5 1-0

[Event "Championnat de France des Jeunes - Pupil"]
[Site "Aix-les-Bains"]
[Date "2009.04.22"]
[Round "5.4"]
[White "Malassagne, Isabelle"]
[Black "Auvray, Honorine"]
[Result "0-1"]
[WhiteElo "1500"]
[BlackElo "1708"]
[PlyCount "80"]

1. g3 Nf6 2. Bg2 e6 3. Nf3 Be7 4. O-O O-O 5. d3 c5 6. c4 d5 7. cxd5 exd5 8. Bg5
b6 9. d4 Nbd7 10. Nc3 Bb7 11. Re1 Re8 12. Qd3 Qc8 13. e3 Ne4 14. Bxe7 Rxe7 15.
Nd2 Ndf6 16. Ndxe4 dxe4 17. Qd2 Qd7 18. Rad1 Rd8 19. Ne2 Qc6 20. Rc1 Qd6 21.
Rcd1 Ba6 22. Nc3 Bd3 23. Bf1 cxd4 24. exd4 Bxf1 25. Kxf1 a6 26. Qc2 Qe6 27. Kg2
Qc6 28. Kg1 Red7 29. Qe2 Rxd4 30. Rxd4 Rxd4 31. Qxa6 h6 32. Qe2 Rc4 33. Rd1 b5
34. Rd2 b4 35. Nd1 Rc1 36. h4 Kh8 37. Kh2 Qa8 38. b3 Qc6 39. Ne3 Kg8 40. Nc4 e3
0-1

[Event "Championnat de France des Jeunes - Pupil"]
[Site "Aix-les-Bains"]
[Date "2009.04.22"]
[Round "5.5"]
[White "Le Guennec, Nolwen"]
[Black "Imperor, Lorene"]
[Result "0-1"]
[WhiteElo "1480"]
[BlackElo "1667"]
[PlyCount "50"]

1. e4 c5 2. Nf3 Nc6 3. d4 cxd4 4. Nxd4 e5 5. Nf3 Nf6 6. Bg5 Qa5+ 7. Bd2 Qb6 8.
Bd3 Bc5 9. Qe2 O-O 10. h3 Re8 11. O-O Qxb2 12. Bc3 Qb6 13. Nbd2 Qd8 14. Rad1 d6
15. a4 Nh5 16. Nc4 Nf4 17. Qe1 Qf6 18. Bd2 Qg6 19. Bxf4 exf4 20. e5 Bf5 21. Nh4
Qg5 22. Nxf5 f3 23. g3 g6 24. Nfxd6 Qxg3+ 25. Kh1 Qg2# 0-1

[Event "Championnat de France des Jeunes - Pupil"]
[Site "Aix-les-Bains"]
[Date "2009.04.22"]
[Round "5.6"]
[White "Abidi, Hasma"]
[Black "Broly, Marine"]
[Result "0-1"]
[WhiteElo "1660"]
[BlackElo "1470"]
[PlyCount "84"]

1. d4 Nf6 2. Nf3 e6 3. Bf4 b6 4. e3 Bb7 5. Nbd2 Be7 6. h3 Nd5 7. Bh2 Nc6 8. c3
O-O 9. Bd3 f5 10. Qc2 Nf6 11. Bc4 Na5 12. Bd3 c5 13. O-O cxd4 14. exd4 Rc8 15.
a3 Kh8 16. b4 Nc6 17. Rfe1 Qe8 18. b5 Na5 19. Ne5 g5 20. Nef3 g4 21. hxg4 Nxg4
22. Be5+ Nxe5 23. Nxe5 d6 24. Nef3 Qg6 25. g3 Bd5 26. Re2 Qg4 27. Nh2 Qh3 28.
f4 Qxg3+ 29. Kf1 Qxf4+ 30. Rf2 Qe3 31. Re1 Qh3+ 32. Ke2 Bh4 33. Ref1 Bxf2 34.
Rxf2 Rg8 35. Ndf1 Rg2 36. Rxg2 Qxg2+ 37. Ke1 Qxc2 38. Bxc2 Rxc3 39. Kd2 Rxa3
40. Ne3 Bb3 41. Bxb3 Rxb3 42. Nf3 f4 0-1

[Event "Championnat de France des Jeunes - Pupil"]
[Site "Aix-les-Bains"]
[Date "2009.04.22"]
[Round "5.7"]
[White "Shashkina, Olga"]
[Black "Lin, Yun"]
[Result "0-1"]
[WhiteElo "1470"]
[BlackElo "1570"]
[PlyCount "92"]

1. e4 c5 2. Nf3 d6 3. d4 cxd4 4. Nxd4 Nf6 5. Nc3 g6 6. Be3 Bg7 7. Bc4 O-O 8.
O-O Nc6 9. Qd2 Qc7 10. Be2 a6 11. a3 Ng4 12. Bxg4 Bxg4 13. h3 Bd7 14. Kh1 e6
15. f4 Rac8 16. Rf3 Nxd4 17. Bxd4 Bc6 18. Rc1 e5 19. Be3 exf4 20. Bd4 Bxd4 21.
Qxd4 Qe7 22. Rcf1 Qe5 23. Rd1 Rcd8 24. Nd5 Qxd4 25. Rxd4 Bxd5 26. exd5 g5 27.
h4 f6 28. g3 fxg3 29. Rxg3 h6 30. hxg5 fxg5 31. Rd2 Rf7 32. c4 Rdf8 33. b3 Rf3
34. Rdg2 Rxg3 35. Rxg3 Re8 36. Rc3 b6 37. b4 Re5 38. Kg2 Kg7 39. Kf3 Kg6 40.
Re3 Rxe3+ 41. Kxe3 Kf5 42. Kf3 Ke5 43. a4 Kd4 44. b5 a5 45. Kg4 Kxc4 46. Kh5
Kxd5 0-1

[Event "Championnat de France des Jeunes - Pupil"]
[Site "Aix-les-Bains"]
[Date "2009.04.22"]
[Round "5.8"]
[White "Canterel, Cecile"]
[Black "Le Berre, Audrey"]
[Result "1-0"]
[WhiteElo "1560"]
[BlackElo "1470"]
[PlyCount "95"]

1. d4 Nf6 2. c4 g6 3. Nc3 Bg7 4. Nf3 d6 5. g3 Bd7 6. Bg2 a6 7. Bf4 Qc8 8. Qc1
Bh3 9. O-O O-O 10. Bh6 Bxg2 11. Kxg2 Re8 12. Bxg7 Kxg7 13. e4 e5 14. dxe5 dxe5
15. Rd1 Nc6 16. a3 Rd8 17. Rxd8 Qxd8 18. Qd1 Qe8 19. Nd5 Rd8 20. Qe2 Nxd5 21.
exd5 Nd4 22. Qxe5+ Qxe5 23. Nxe5 Re8 24. Nf3 Nb3 25. Rd1 Rc8 26. Rd3 Nc5 27.
Re3 Rd8 28. b4 Nd7 29. Ne5 Nxe5 30. Rxe5 Kf6 31. Re3 b5 32. cxb5 axb5 33. Rf3+
Kg7 34. Rd3 Kf6 35. f4 c6 36. Rc3 cxd5 37. Rc5 d4 38. Kf2 Ke6 39. Rxb5 Rd5 40.
Rxd5 Kxd5 41. a4 Kc4 42. b5 Kd3 43. b6 Kc2 44. b7 d3 45. b8=Q d2 46. Qd8 d1=Q
47. Qxd1+ Kxd1 48. a5 1-0

[Event "Championnat de France des Jeunes - Pupil"]
[Site "Aix-les-Bains"]
[Date "2009.04.22"]
[Round "5.9"]
[White "Thomas, Apolline"]
[Black "Scabello, Julie"]
[Result "1-0"]
[WhiteElo "1440"]
[BlackElo "1520"]
[PlyCount "127"]

1. e4 e5 2. Nf3 Nc6 3. Bc4 Bc5 4. d3 Nf6 5. Nc3 d6 6. h3 O-O 7. Bg5 Be6 8. Bb3
Rb8 9. Bd5 a6 10. O-O Nb4 11. a3 Nbxd5 12. exd5 Bf5 13. Rc1 Kh8 14. d4 exd4 15.
Nxd4 Bd7 16. Ne4 Rg8 17. Bxf6 gxf6 18. Kh1 Bb6 19. Qd2 Rg6 20. c4 Qe7 21. Rfe1
Qf8 22. Rcd1 Qg7 23. Ng3 Rg5 24. Re7 Ba4 25. b3 Bxd4 26. bxa4 Bc5 27. Rde1 Re5
28. Rxc7 Bxa3 29. Rb1 b6 30. Rxb6 Ra8 31. Rcb7 Qg8 32. Qh6 Ree8 33. Qxf6+ Qg7
34. Qxf7 Qxf7 35. Rxf7 Bc5 36. Rbb7 Bd4 37. Rxh7+ Kg8 38. f3 Be3 39. Nf5 Bf4
40. Ne7+ Kxh7 41. g4 Bg5 42. Nf5+ Kh8 43. Nxd6 Re1+ 44. Kg2 Bh4 45. f4 Kg8 46.
Nf5 Bf6 47. c5 Rae8 48. Rb6 R8e2+ 49. Kf3 Bd8 50. Rb8 Ra2 51. Rxd8+ Kf7 52. c6
Ra3+ 53. Kf2 Rb1 54. Ng3 Rb2+ 55. Ne2 Raa2 56. c7 Rxe2+ 57. Kg3 Re3+ 58. Kh4
Raa3 59. c8=Q Rxh3+ 60. Kg5 Rae3 61. Qf5+ Kg7 62. Qf6+ Kh7 63. Rd7+ Kg8 64.
Qg7# 1-0

[Event "Championnat de France des Jeunes - Pupil"]
[Site "Aix-les-Bains"]
[Date "2009.04.22"]
[Round "5.10"]
[White "Dol, Cecile"]
[Black "Susini, Noelia"]
[Result "0-1"]
[WhiteElo "1510"]
[BlackElo "1450"]
[PlyCount "26"]

1. e4 e5 2. d4 exd4 3. c3 dxc3 4. Bc4 Nf6 5. e5 Qe7 6. Nf3 Nc6 7. Qe2 d5 8. Bb5
Ne4 9. Qd3 cxb2 10. Bxb2 Qb4+ 11. Bc3 Nc5 12. Qxd5 Qxb5 13. Ng5 Nd3+ 0-1

[Event "Championnat de France des Jeunes - Pupil"]
[Site "Aix-les-Bains"]
[Date "2009.04.22"]
[Round "5.11"]
[White "Rouffignac, Marie"]
[Black "Duval, Claire"]
[Result "1/2-1/2"]
[WhiteElo "1480"]
[BlackElo "1370"]
[PlyCount "134"]

1. e4 c6 2. d4 d5 3. Nc3 dxe4 4. Nxe4 Bf5 5. Ng3 Bg6 6. h4 h6 7. Nf3 Nf6 8. h5
Bh7 9. Bd3 Bxd3 10. Qxd3 e6 11. Bd2 Bd6 12. Ne4 Be7 13. O-O-O Nbd7 14. Kb1 Nxe4
15. Qxe4 Nf6 16. Qe2 b5 17. Ne5 Qc7 18. g4 Rd8 19. Bc3 b4 20. Be1 Qb6 21. Qf3
Rxd4 22. Rxd4 Qxd4 23. Nxc6 Qb6 24. Nxb4 Kf8 25. Nd3 Nd5 26. Ne5 Nf6 27. Qxf6
Bxf6 28. Nd7+ Ke7 29. Nxb6 axb6 30. Bb4+ Kd7 31. Rd1+ Kc7 32. c4 Re8 33. b3 e5
34. a4 e4 35. a5 bxa5 36. Bxa5+ Kc6 37. Re1 Bh4 38. Re2 g6 39. b4 Bg5 40. f3 e3
41. Kc2 Re7 42. Bd8 Rb7 43. Bxg5 hxg5 44. b5+ Kc5 45. Rxe3 gxh5 46. gxh5 Kxc4
47. Rc3+ Kd5 48. Rc8 f5 49. Rg8 Ke5 50. Rxg5 Kf4 51. Rg6 Kxf3 52. h6 Rh7 53. b6
f4 54. b7 Rxb7 55. Rg7 Rb8 56. h7 Rh8 57. Kd2 Kf2 58. Kd3 f3 59. Kd2 Kf1 60.
Kd1 Kf2 61. Kd2 Kf1 62. Ke3 f2 63. Rf7 Rxh7 64. Rxh7 Ke1 65. Ra7 f1=N+ 66. Kf3
Nd2+ 67. Kg2 Ke2 1/2-1/2

[Event "Championnat de France des Jeunes - Pupil"]
[Site "Aix-les-Bains"]
[Date "2009.04.22"]
[Round "5.12"]
[White "Baldi, Valentine"]
[Black "Duffaud, Celia"]
[Result "1-0"]
[WhiteElo "1642"]
[BlackElo "1310"]
[PlyCount "99"]

1. d4 d5 2. c4 e6 3. Nc3 Nf6 4. Nf3 Nbd7 5. e3 Bd6 6. Qb3 c6 7. Bd2 O-O 8. Bd3
Re8 9. O-O Nf8 10. e4 dxc4 11. Bxc4 Bc7 12. e5 Nd5 13. Ne4 Ng6 14. Bd3 b5 15.
Qc2 Bb7 16. Rfe1 Bb6 17. Ng3 Rf8 18. Re4 Nde7 19. h4 f5 20. exf6 Rxf6 21. Bg5
Rf7 22. Rxe6 Nf8 23. Re4 c5 24. Bxe7 Rxe7 25. Rxe7 Qxe7 26. Re1 Qd6 27. dxc5
Bxc5 28. Nf5 Qc7 29. Qb3+ Kh8 30. Ng5 h6 31. Nf7+ Kh7 32. Ne7+ g6 33. Qc3 Bxf2+
34. Kxf2 Qf4+ 35. Kg1 Qxf7 36. h5 Qg7 37. hxg6+ Kh8 38. Qc7 Qd4+ 39. Kh1 Qh4+
40. Kg1 Qxe1+ 41. Bf1 Qe3+ 42. Kh1 Qd4 43. Qxb7 Re8 44. Nf5 Qf6 45. Qxb5 Re5
46. g7+ Kg8 47. Bc4+ Ne6 48. Qb8+ Qd8 49. Qxd8+ Kf7 50. g8=Q# 1-0

[Event "Championnat de France des Jeunes - Pupil"]
[Site "Aix-les-Bains"]
[Date "2009.04.22"]
[Round "5.13"]
[White "Dory, Manon"]
[Black "Quelennec, Amelie"]
[Result "0-1"]
[WhiteElo "1470"]
[BlackElo "1410"]
[PlyCount "82"]

1. e4 b6 2. Nf3 Bb7 3. Nc3 e6 4. d3 Bb4 5. Bd2 Nf6 6. Be2 d6 7. a3 Bxc3 8. Bxc3
Nbd7 9. Qd2 e5 10. Qg5 O-O 11. O-O h6 12. Qg3 Nh5 13. Qh4 Nf4 14. Rfe1 Qxh4 15.
Nxh4 Rfe8 16. Bf3 Nf6 17. Nf5 h5 18. Ng3 Kh7 19. Ne2 Nxe2+ 20. Bxe2 g5 21. h3
d5 22. exd5 Bxd5 23. Bd1 g4 24. Bxe5 gxh3 25. Bf3 Bxf3 26. gxf3 Rg8+ 27. Kh1
Nd5 28. Rg1 f6 29. Bc3 Rg5 30. Kh2 Rag8 31. Rxg5 Rxg5 32. Kxh3 Nf4+ 33. Kh4
Ng2+ 34. Kh3 f5 35. Bd2 Rg7 36. Kh2 Nh4 37. Kh3 Nxf3 38. Bf4 h4 39. Bh2 c6 40.
c3 Rg4 41. Rd1 Ng5# 0-1

[Event "Championnat de France des Jeunes - Pupil"]
[Site "Aix-les-Bains"]
[Date "2009.04.22"]
[Round "5.14"]
[White "Terrazzoni, Claire"]
[Black "Vernet, Solene"]
[Result "1-0"]
[WhiteElo "1460"]
[BlackElo "1230"]
[Annotator "Rivier,Sylvain"]
[PlyCount "79"]

1. e4 e5 2. Nf3 Nc6 3. Bb5 d6 4. O-O Bd7 5. Nc3 Be7 6. d3 a6 7. Ba4 Nd4 8.
Bxd7+ Qxd7 9. Nxd4 exd4 10. Nd5 c6 11. Nb6 Qd8 12. Nxa8 Qxa8 13. Bd2 Qa7 14.
Qf3 Nf6 15. Rfe1 Qc5 16. Rac1 O-O 17. c3 h6 18. cxd4 Qxd4 19. Bc3 Qb6 20. e5
dxe5 21. Bxe5 Nd7 22. Bc3 Bg5 23. Qg3 Bf6 24. Bxf6 Nxf6 25. b3 Nh5 26. Qf3 Nf6
27. Qe3 Qb4 28. Qh3 Nd5 29. Qg3 Nc3 30. a3 Qxb3 31. d4 Qxa3 32. Qxc3 Qxc3 33.
Rxc3 Rd8 34. Rd1 b5 35. Rxc6 Kf8 36. Rxa6 Ke7 37. Rb6 Ke8 38. Rxb5 Ke7 39. Rb7+
Ke6 40. Rb6+ {suite illisible} 1-0

[Event "Championnat de France des Jeunes - Pupil"]
[Site "Aix-les-Bains"]
[Date "2009.04.22"]
[Round "5.15"]
[White "Remy, Camille"]
[Black "Del Valle, Julie"]
[Result "0-1"]
[WhiteElo "1320"]
[BlackElo "1530"]
[PlyCount "92"]

1. e4 e5 2. Nf3 Nc6 3. Bc4 Be7 4. c3 d6 5. d4 exd4 6. cxd4 Nf6 7. Nc3 Bg4 8.
Bb5 O-O 9. Bxc6 bxc6 10. O-O Rb8 11. Qd3 Bxf3 12. Qxf3 Re8 13. Qg3 Kh8 14. Re1
Rb4 15. e5 dxe5 16. dxe5 Nd5 17. Nxd5 Qxd5 18. b3 Bc5 19. Bb2 Bd4 20. Bc3 Bxc3
21. Qxc3 Rg4 22. g3 Rg5 23. Rad1 Qe6 24. f4 Rh5 25. Re2 Qg4 26. Red2 Qc8 27.
Qd4 h6 28. Qxa7 Kh7 29. Qc5 Qa8 30. Rd7 Qxa2 31. h4 Qxb3 32. Qxc6 Qxg3+ 33. Qg2
Qe3+ 34. Kf1 Qxf4+ 35. Qf2 Qxf2+ 36. Kxf2 Rf5+ 37. Kg2 Rexe5 38. Rxc7 Re6 39.
Rf1 Rg6+ 40. Kh2 Rxf1 41. h5 Rg5 42. Rxf7 Rxh5+ 43. Kg2 Rxf7 44. Kg3 Re5 45.
Kg4 Re4+ 46. Kh5 Rf5# 0-1

[Event "Championnat de France des Jeunes - Pouss"]
[Site "Aix les Bains"]
[Date "????.??.??"]
[Round "1.1"]
[White "Rambaldi, Francesco"]
[Black "Stoll, Clement"]
[Result "1-0"]
[WhiteElo "2070"]
[BlackElo "1440"]
[PlyCount "109"]

1. c4 c5 2. Nf3 e6 3. Nc3 d5 4. cxd5 exd5 5. d4 Nf6 6. Bg5 Be6 7. e3 Nc6 8. Be2
Be7 9. Bxf6 Bxf6 10. dxc5 Qa5 11. O-O Qxc5 12. Rc1 Qd6 13. Ne4 Qd8 14. Nxf6+
Qxf6 15. Qb3 O-O-O 16. Ba6 Qe7 17. Rxc6+ Kb8 18. Nd4 Ka8 19. Bb5 Rb8 20. Nxe6
fxe6 21. Rc2 a6 22. Be2 Rbc8 23. Rfc1 Qd7 24. Rxc8+ Rxc8 25. Rxc8+ Qxc8 26. Qc3
Qxc3 27. bxc3 Kb8 28. Kf1 Kc7 29. Ke1 Kc6 30. Kd2 Kc5 31. f4 g6 32. Bg4 Kd6 33.
Kd3 b5 34. Kd4 h5 35. Be2 h4 36. h3 Ke7 37. Ke5 Kf7 38. Bg4 a5 39. a3 a4 40.
Bxe6+ Ke7 41. Bxd5 Kd7 42. Be4 Ke8 43. Bc6+ Kf7 44. Bxb5 Kg7 45. c4 Kf7 46. c5
Ke7 47. c6 Kd8 48. Kd6 Ke8 49. c7+ Kf7 50. c8=Q g5 51. Qe8+ Kg7 52. f5 g4 53.
Qg6+ Kh8 54. Bc4 g3 55. Qh6# 1-0